Partir là-bas - La Petite Sirène (Paroles) - Statistiques

Statistiques générales
  • Ce quiz a été pris 1 040 fois
  • Le résultat moyen est 196 sur 233
Statistiques - réponses
Paroles % Correct
je
98%
Je
98%
la
98%
par
98%
part
97%
à
96%
de
96%
là-bas
96%
le
96%
Le
96%
partir
96%
Partir
96%
me
95%
ce
94%
comme
94%
Comme
94%
des
94%
j'ai
94%
J'ai
94%
mon
94%
ça
93%
et
93%
Et
93%
les
93%
Les
93%
que
92%
sur
92%
te
92%
un
92%
Un
92%
ces
91%
marche
91%
Moi
91%
moi
91%
Si
91%
si
91%
Comment
90%
mer
90%
Ne
90%
ne
90%
pieds
90%
tout
90%
veux
90%
jour
89%
pour
89%
Pour
89%
tu
89%
Tu
89%
au
88%
danser
88%
En
88%
en
88%
s'appelle
88%
suis
88%
ai
87%
monde
87%
qui
87%
terre
87%
voir
87%
J'en
86%
j'en
86%
vie
86%
voudrais
85%
pas
84%
pouvais
84%
ses
84%
trucs
84%
Il
83%
On
83%
parcourir
83%
chouettes
82%
gogo
82%
grand
82%
l'homme
82%
Mais
82%
tas
82%
jambes
81%
marcher
81%
m'ennuie
81%
sans
81%
court
80%
déjà
80%
j'aimerais
80%
m'indiffère
80%
Oui
80%
sable
80%
va
80%
c'est
79%
chaud
79%
battant
78%
bien
78%
du
78%
fait
78%
faut
78%
loin
78%
nageoires
78%
peut
78%
S'il
78%
Tous
78%
Vois
78%
certaine
77%
dis
77%
donnerais
77%
hommes
77%
merveilles
77%
nulle
77%
partirai
77%
choix
76%
d'ici
76%
rêver
76%
soleils
76%
trésors
76%
trop
76%
Vivre
76%
brillent
75%
Brûle
75%
feu
75%
gâtée
75%
pouvoir
75%
Femmes
74%
femmes
74%
paradis
74%
sirènes
74%
aucun
73%
humaines
73%
quoi
73%
regret
73%
sauter
73%
viendra
73%
Rues
72%
tire-baba
72%
Toutes
72%
grains
71%
long
71%
m'ont
71%
questions
71%
qu'on
71%
voyant
71%
comprennent
70%
dorés
70%
gadgets
70%
poser
70%
réponde
70%
comblée
69%
fées
69%
Pourquoi
69%
savoir
69%
caresser
68%
crois-tu
68%
secrets
68%
qu'il
67%
est-ce
66%
gardés
66%
richesses
66%
chocs
65%
leurs
65%
peuvent
65%
Ah
63%
filles
63%
Qu'est-ce
61%
frayeur
60%
Flâner
58%
couacs
51%
couics
50%
Aucun quiz correspondant
Distribution des résultats
% des personnes avec chaque résultat
Percentile par nombre de réponses
Votre historique - résultats
Vous n’avez pas pris ce quiz